Célébrités apparaissant dans Les Simpson - Statistiques

Statistiques générales
  • Ce quiz a été pris 154 fois
  • Le résultat moyen est 20 sur 52
Statistiques - réponses
Par images Réponse % Correct
Adolf Hitler
96%
Donald Trump
95%
Barack Obama
88%
Michelle Obama
88%
Daft Punk
79%
Abraham Lincoln
76%
Elton John
72%
Lady Gaga
70%
Serena Williams
67%
Pharrell Williams
64%
Cristiano Ronaldo
56%
John Lennon
54%
George Washington
51%
50 Cent
49%
Stephen Hawking
49%
Bill Clinton
47%
Justin Bieber
46%
George H. W. Bush
42%
Britney Spears
40%
John Fitzgerald Kennedy
38%
Gordon Ramsay
37%
Benjamin Franklin
36%
Bill Gates
35%
Paul McCartney
35%
Mick Jagger
32%
Barry White
31%
Paris Hilton
31%
Arnold Schwarzenegger
28%
James Brown
28%
Tom Hanks
28%
Richard Nixon
27%
Lionel Richie
25%
Stan Lee
25%
Steven Spielberg
25%
Mark Zuckerberg
24%
Lénine
23%
Justin Timberlake
22%
Anna Wintour
21%
Bono
21%
Dolly Parton
18%
Lenny Kravitz
18%
Stephen King
18%
Tom Brady
18%
Magic Johnson
17%
Brad Pitt
16%
Alfred Hitchcock
11%
Cyndi Lauper
11%
Nicolas Sarkozy
11%
Pelé
9%
Sting
9%
George Clooney
7%
J. K. Rowling
3%
Aucun quiz correspondant
Distribution des résultats
% des personnes avec chaque résultat
Percentile par nombre de réponses
Votre historique - résultats
Vous n’avez pas pris ce quiz